[Event "EU-ch U10 26th"]
[Site "Prague"]
[Date "2016.08.20"]
[Round "3"]
[White "Pilar, Vit"]
[Black "Zlatkov, Anton"]
[Result "1-0"]
[WhiteElo "1453"]
[BlackElo "1196"]
[PlyCount "57"]
[EventDate "2016.08.18"]
[EventType "swiss"]
[EventRounds "9"]
[EventCountry "CZE"]
[SourceTitle "CBM 174 Extra"]
[Source "ChessBase"]
[SourceDate "2016.10.10"]
[SourceVersion "1"]
[SourceVersionDate "2016.10.10"]
[SourceQuality "1"]

1. d4 d5 2. c4 e6 3. Nc3 Nf6 4. cxd5 exd5 5. Bg5 Be7 6. e3 Nbd7 7. Qc2 0-0 8. Bd3 Re8 9. Nf3 Nf8 10. 0-0 c6 11. Rab1 a6 12. b4 Bd7 13. a4 Rc8 14. Qb3 Qc7 15. Rfc1 Ne6 16. Bxf6 Bxf6 17. Nxd5 Qd8 18. Nxf6+ Qxf6 19. Ne5 Nf8 20. Nxd7 Nxd7 21. Rc2 Nb6 22. Rbc1 Qd6 23. Bc4 Nxc4 24. Qxc4 b5 25. axb5 axb5 26. Qc5 Qxc5 27. Rxc5 Re6 28. d5 Re4 29. Rxb5 1-0

[Event "EU-ch U10 26th"]
[Site "Prague"]
[Date "2016.08.18"]
[Round "1"]
[White "Pilar, Vit"]
[Black "Vasilyev, Alexey1111"]
[Result "0-1"]
[WhiteElo "1453"]
[BlackElo "1838"]
[PlyCount "82"]
[EventDate "2016.08.18"]
[EventType "swiss"]
[EventRounds "9"]
[EventCountry "CZE"]
[SourceTitle "CBM 174 Extra"]
[Source "ChessBase"]
[SourceDate "2016.10.10"]
[SourceVersion "1"]
[SourceVersionDate "2016.10.10"]
[SourceQuality "1"]

1. d4 Nf6 2. c4 e6 3. Nc3 Bb4 4. Nf3 0-0 5. e3 c5 6. Bd3 d5 7. 0-0 b6 8. Qc2 Bb7 9. cxd5 exd5 10. a3 Bxc3 11. Qxc3 Nbd7 12. b3 Rc8 13. Be2 Ne4 14. Qb2 Qe7 15. Bd2 f5 16. Ne5 Nxe5 17. dxe5 Nxd2 18. Qxd2 Qxe5 19. f4 Qe6 20. Bf3 Rfe8 21. Rfe1 Rcd8 22. Rad1 Qd7 23. e4 fxe4 24. Bxe4 d4 25. Bxb7 Qxb7 26. Qd3 Qf7 27. f5 Re7 28. Rxe7 Qxe7 29. Qc4+ Kf8 30. Rf1 d3 31. Qg4 Rd4 32. Qf3 Rd8 33. Kh1 d2 34. Qd1 Qe3 35. f6 g6 36. f7 Rd4 37. h3 Re4 38. Kh2 Re6 39. Rf3 Qe5+ 40. Rg3 Qe1 41. Qf3 d1Q 0-1